000
00194 a2200097 4500
001
5881
100
_a
Walker,HM
245
_a
Statistical Inference
260
_a
_b
Holt
_c
090
_c
4801
_d
4801
942
_a
NUST-CAE
_c
M
_c
31158
999
_c
240954
_d
240954